[Event "Piestany Slovakia op-A"]
[Site "Piestany"]
[Date "2022.07.15"]
[Round "6"]
[White "Brhel, Jan"]
[Black "Delgerdalai, Bayarjavkhlan"]
[Result "1/2-1/2"]
[WhiteElo "2018"]
[BlackElo "2209"]
[PlyCount "43"]
[EventDate "2022.07.11"]
[EventType "swiss"]
[EventRounds "9"]
[EventCountry "SVK"]
[SourceTitle "CBM 209 Extra"]
[Source "ChessBase"]
[SourceDate "2022.09.30"]
[SourceVersion "1"]
[SourceVersionDate "2022.09.30"]
[SourceQuality "1"]

1. Nf3 d5 2. d4 Nf6 3. c4 e6 4. Nc3 c5 5. cxd5 exd5 6. g3 Nc6 7. Bg2 cxd4 8. Nxd4 Bc5 9. e3 0-0 10. 0-0 Re8 11. a3 Bg4 12. Nxc6 bxc6 13. Qa4 Qd7 14. b4 Bb6 15. b5 cxb5 16. Qxb5 Qxb5 17. Nxb5 Be2 18. Nd6 Re6 19. Re1 Ba6 20. Nf5 Re5 21. Nh4 Re6 22. Bb2 1/2-1/2

[Event "Piestany Slovakia op-A"]
[Site "Piestany"]
[Date "2022.07.11"]
[Round "1"]
[White "Pniaczek, Marek"]
[Black "Brhel, Jan"]
[Result "0-1"]
[WhiteElo "2312"]
[BlackElo "2018"]
[PlyCount "59"]
[EventDate "2022.07.11"]
[EventType "swiss"]
[EventRounds "9"]
[EventCountry "SVK"]
[SourceTitle "CBM 209 Extra"]
[Source "ChessBase"]
[SourceDate "2022.09.30"]
[SourceVersion "1"]
[SourceVersionDate "2022.09.30"]
[SourceQuality "1"]

1. e4 e5 2. Nf3 Nc6 3. Bb5 a6 4. Ba4 Nf6 5. 0-0 b5 6. Bb3 Bc5 7. a4 Rb8 8. Re1 d6 9. c3 0-0 10. d4 Bb6 11. a5 Ba7 12. h3 exd4 13. cxd4 h6 14. Be3 Re8 15. Nbd2 Nb4 16. d5 Bxe3 17. Rxe3 c5 18. Qb1 Nh5 19. Nf1 Qf6 20. Bd1 Rb7 21. N3h2 Nf4 22. Rf3 Qg5 23. Rg3 Qe5 24. Bf3 Nbd3 25. b3 f5 26. exf5 Bxf5 27. Ne3 Qd4 28. Qd1 Rxe3 29. fxe3 Qxe3+ 30. Kf1 0-1

[Event "SVK-chT1E 2122"]
[Site "Slovakia"]
[Date "2022.02.27"]
[Round "5.5"]
[White "Brhel, Jan"]
[Black "Steiniger, Florian"]
[Result "1/2-1/2"]
[WhiteElo "2026"]
[BlackElo "1997"]
[PlyCount "27"]
[EventDate "2022.01.29"]
[EventType "team-tourn"]
[EventRounds "11"]
[EventCountry "SVK"]
[SourceTitle "EXT 2023"]
[Source "ChessBase"]
[SourceDate "2022.10.05"]
[SourceVersion "1"]
[SourceVersionDate "2022.10.05"]
[SourceQuality "1"]
[WhiteTeam "Dunajov Inbest"]
[BlackTeam "Humenne Reinter II"]
[WhiteTeamCountry "SVK"]
[BlackTeamCountry "SVK"]

1. d4 g6 2. Nf3 Bg7 3. g3 Nf6 4. Bg2 0-0 5. 0-0 d6 6. b3 c5 7. Bb2 Nfd7 8. c4 Nc6 9. e3 Rb8 10. Qd2 a6 11. Nc3 b5 12. dxc5 Nxc5 13. cxb5 axb5 14. Nd5 1/2-1/2

[Event "Prague Autumn op 1st"]
[Site "Prague"]
[Date "2021.09.26"]
[Round "5"]
[White "Brhel, Jan"]
[Black "Bednar, Milos"]
[Result "1-0"]
[WhiteElo "2034"]
[BlackElo "1805"]
[PlyCount "69"]
[EventDate "2021.09.24"]
[EventType "swiss"]
[EventRounds "5"]
[EventCountry "CZE"]
[SourceTitle "CBM 204 Extra"]
[Source "ChessBase"]
[SourceDate "2021.11.30"]
[SourceVersion "1"]
[SourceVersionDate "2021.11.30"]
[SourceQuality "1"]

1. d4 d5 2. c4 e6 3. Nc3 Nf6 4. cxd5 exd5 5. Bg5 Be7 6. e3 Bf5 7. Bxf6 Bxf6 8. Qb3 Nd7 9. Nxd5 0-0 10. Nxf6+ Qxf6 11. Bd3 Qg6 12. Bxf5 Qxf5 13. Nf3 Qa5+ 14. Qc3 Qb5 15. a4 Qa6 16. b4 c6 17. Qc2 Nf6 18. Qe2 Qxe2+ 19. Kxe2 Nd5 20. a5 Rab8 21. Ne5 Rfe8 22. Nd3 f5 23. g3 g5 24. h4 f4 25. gxf4 gxf4 26. Rag1+ Kf8 27. Ne5 fxe3 28. fxe3 Rxe5 29. dxe5 Re8 30. Rh3 Rxe5 31. Rf3+ Ke7 32. Rg7+ Kd6 33. Rxh7 Re4 34. Rh6+ Ke5 35. Rg3 1-0

[Event "Prague Autumn op 1st"]
[Site "Prague"]
[Date "2021.09.25"]
[Round "3"]
[White "Brhel, Jan"]
[Black "Lohia, Sohum"]
[Result "0-1"]
[WhiteElo "2034"]
[BlackElo "1830"]
[PlyCount "84"]
[EventDate "2021.09.24"]
[EventType "swiss"]
[EventRounds "5"]
[EventCountry "CZE"]
[SourceTitle "CBM 204 Extra"]
[Source "ChessBase"]
[SourceDate "2021.11.30"]
[SourceVersion "1"]
[SourceVersionDate "2021.11.30"]
[SourceQuality "1"]

1. Nf3 Nf6 2. c4 e6 3. g3 d5 4. Bg2 d4 5. 0-0 c5 6. e3 Nc6 7. d3 Bd6 8. exd4 cxd4 9. Na3 0-0 10. Nc2 e5 11. b4 Bg4 12. b5 Nb8 13. Qd2 Nbd7 14. Ba3 Bxa3 15. Nxa3 Qc7 16. Rfe1 Rfe8 17. h3 Bh5 18. g4 Bg6 19. Nh4 Nc5 20. Nxg6 hxg6 21. Nc2 Rad8 22. Nb4 Ne6 23. Rac1 Nf4 24. g5 N6h5 25. Nd5 Nxd5 26. cxd5 Qd7 27. Qd1 Nf4 28. Qf3 Qxb5 29. Bf1 Qxd5 30. Qxd5 Rxd5 31. Rc7 Rb5 32. Rd7 Rc8 33. a4 Rbc5 34. Rxb7 Rc1 35. Rb1 Rxe1 36. Rxe1 f6 37. h4 Rc3 38. Rb1 Nxd3 39. gxf6 gxf6 40. Rb7 Nf4 41. Rxa7 d3 42. Rd7 e4 0-1

[Event "Skalica"]
[Site "Skalica"]
[Date "2021.08.29"]
[Round "9"]
[White "Movsesian, Sergei"]
[Black "Brhel, Jan"]
[Result "1-0"]
[WhiteElo "2638"]
[BlackElo "2049"]
[PlyCount "56"]
[EventDate "2021.08.21"]
[EventType "tourn"]
[EventRounds "9"]
[EventCountry "SVK"]
[EventCategory "10"]
[SourceTitle "CBM 204 Extra"]
[Source "ChessBase"]
[SourceDate "2021.11.30"]
[SourceVersion "1"]
[SourceVersionDate "2021.11.30"]
[SourceQuality "1"]

1. e4 e5 2. Nf3 Nc6 3. Bb5 a6 4. Ba4 Nf6 5. Nc3 Bc5 6. Bxc6 dxc6 7. d3 Qe7 8. Be3 Bb4 9. h3 h6 10. a3 Bxc3+ 11. bxc3 c5 12. Nd2 g5 13. Qf3 Bd7 14. Bxc5 Qxc5 15. Qxf6 Qxc3 16. 0-0 0-0 17. Nc4 Rae8 18. Qxh6 f6 19. Ne3 c6 20. Qg6+ Kh8 21. h4 gxh4 22. Qh6+ Kg8 23. Qxh4 Qc5 24. Qg3+ Kf7 25. f4 Rg8 26. Qf2 exf4 27. Qxf4 Rg6 28. d4 Reg8 1-0

[Event "Piestany Slovakia op"]
[Site "Piestany"]
[Date "2021.07.14"]
[Round "5"]
[White "Brhel, Jan"]
[Black "Skreko, Igor1"]
[Result "0-1"]
[WhiteElo "2076"]
[BlackElo "1945"]
[PlyCount "66"]
[EventDate "2021.07.10"]
[EventType "swiss"]
[EventRounds "9"]
[EventCountry "SVK"]
[SourceTitle "CBM 203 Extra"]
[Source "ChessBase"]
[SourceDate "2021.09.30"]
[SourceVersion "1"]
[SourceVersionDate "2021.09.30"]
[SourceQuality "1"]

1. Nf3 Nf6 2. c4 g6 3. Nc3 Bg7 4. e4 d6 5. d4 0-0 6. Be2 e5 7. 0-0 Nc6 8. dxe5 dxe5 9. Bg5 Be6 10. Qxd8 Rfxd8 11. Nd5 Bxd5 12. cxd5 Nb8 13. Rfc1 c6 14. Bc4 Re8 15. dxc6 Nxc6 16. Bxf6 Bxf6 17. Bb5 Re6 18. Bxc6 bxc6 19. Rc5 Rb8 20. b3 Rb4 21. Re1 Bg7 22. Nd2 Bf8 23. Ra5 Rd4 24. Nf3 Bb4 25. Rxa7 Bxe1 26. Nxe1 Rxe4 27. Nf3 Rd6 28. g3 Rd1+ 29. Kg2 Re2 30. Re7 Rxa2 31. Rxe5 Rb1 32. Ne1 Rxb3 33. Rc5 Rbb2 0-1

[Event "Piestany Slovakia op"]
[Site "Piestany"]
[Date "2021.07.13"]
[Round "4"]
[White "Mrva, Martin"]
[Black "Brhel, Jan"]
[Result "1-0"]
[WhiteElo "2379"]
[BlackElo "2076"]
[PlyCount "49"]
[EventDate "2021.07.10"]
[EventType "swiss"]
[EventRounds "9"]
[EventCountry "SVK"]
[SourceTitle "CBM 203 Extra"]
[Source "ChessBase"]
[SourceDate "2021.09.30"]
[SourceVersion "1"]
[SourceVersionDate "2021.09.30"]
[SourceQuality "1"]

1. e4 e5 2. Nf3 Nc6 3. Bb5 a6 4. Ba4 Nf6 5. d3 Bd6 6. c4 0-0 7. h3 Qe7 8. Nc3 Nd4 9. a3 c6 10. Nxd4 exd4 11. Ne2 Bc7 12. 0-0 d5 13. exd5 cxd5 14. Re1 dxc4 15. dxc4 Rd8 16. Bf4 Bxf4 17. Nxf4 Qc5 18. Nd3 Qh5 19. Qd2 Bd7 20. Bd1 Qh4 21. Bf3 Bc6 22. Bxc6 bxc6 23. Re5 Re8 24. Rae1 Ne4 25. R1xe4 1-0

[Event "Budapest Vezerkepzo GM 6th"]
[Site "Budapest"]
[Date "2021.06.22"]
[Round "8"]
[White "Brhel, Jan"]
[Black "Kozak, Adam"]
[Result "0-1"]
[WhiteElo "2068"]
[BlackElo "2518"]
[PlyCount "52"]
[EventDate "2021.06.15"]
[EventType "tourn"]
[EventRounds "9"]
[EventCountry "HUN"]
[EventCategory "6"]
[SourceTitle "EXT 2022"]
[Source "ChessBase"]
[SourceDate "2021.10.06"]
[SourceVersion "1"]
[SourceVersionDate "2021.10.06"]
[SourceQuality "1"]

1. Nf3 c5 2. c4 Nc6 3. Nc3 g6 4. e3 Nf6 5. d4 cxd4 6. exd4 d5 7. Bg5 Be6 8. Bxf6 exf6 9. Be2 Bg7 10. Qb3 0-0 11. Qxb7 Na5 12. Qb4 Rb8 13. Qa3 Nxc4 14. Bxc4 dxc4 15. 0-0 Bg4 16. Ne1 Qxd4 17. Nc2 Qb6 18. Ne3 Be6 19. Na4 Qa5 20. Rab1 Rfc8 21. Nc3 Qxa3 22. bxa3 f5 23. Rxb8 Rxb8 24. Ned1 f4 25. Re1 Rd8 26. Re2 Bf5 0-1

[Event "Budapest Vezerkepzo GM 4th"]
[Site "Budapest"]
[Date "2021.05.19"]
[Round "7"]
[White "Brhel, Jan"]
[Black "Nagy, Gabor"]
[Result "0-1"]
[WhiteElo "2031"]
[BlackElo "2518"]
[PlyCount "44"]
[EventDate "2021.05.13"]
[EventType "tourn"]
[EventRounds "9"]
[EventCountry "HUN"]
[EventCategory "5"]
[SourceTitle "CBM 202 Extra"]
[Source "ChessBase"]
[SourceDate "2021.07.31"]
[SourceVersion "1"]
[SourceVersionDate "2021.07.31"]
[SourceQuality "1"]

1. d4 Nf6 2. c4 g6 3. Nc3 Bg7 4. e4 d6 5. Nf3 0-0 6. h3 Na6 7. Be3 Qe8 8. Be2 e5 9. d5 Nh5 10. g3 f5 11. exf5 gxf5 12. Nh4 Nf6 13. Qd2 Nc5 14. Bxc5 dxc5 15. Qe3 Qe7 16. f4 Ne4 17. Ng2 exf4 18. Nxf4 Bd4 19. Qf3 Qg7 20. Rc1 Qxg3+ 21. Qxg3+ Nxg3 22. Rh2 Be3 0-1

[Event "Budapest Vezerkepzo GM 4th"]
[Site "Budapest"]
[Date "2021.05.18"]
[Round "6"]
[White "Souhardo, Basak"]
[Black "Brhel, Jan"]
[Result "0-1"]
[WhiteElo "2359"]
[BlackElo "2031"]
[PlyCount "90"]
[EventDate "2021.05.13"]
[EventType "tourn"]
[EventRounds "9"]
[EventCountry "HUN"]
[EventCategory "5"]
[SourceTitle "CBM 202 Extra"]
[Source "ChessBase"]
[SourceDate "2021.07.31"]
[SourceVersion "1"]
[SourceVersionDate "2021.07.31"]
[SourceQuality "1"]

1. e4 e5 2. Nf3 Nc6 3. Bb5 a6 4. Ba4 Nf6 5. 0-0 b5 6. Bb3 Bc5 7. a4 Rb8 8. c3 d6 9. d4 Bb6 10. h3 0-0 11. Be3 exd4 12. cxd4 Nxe4 13. Bd5 Qe8 14. Re1 Nf6 15. Bg5 Ne7 16. Bxf6 gxf6 17. Qe2 c6 18. Qxe7 Qxe7 19. Rxe7 cxd5 20. a5 Bd8 21. Ra7 b4 22. Nbd2 Re8 23. Nb3 Re7 24. Rxe7 Bxe7 25. Rc1 Kf8 26. Kh2 Bd8 27. Kg3 Bd7 28. Kh4 Rc8 29. Rxc8 Bxc8 30. Ne1 Bd7 31. Nd3 Ba4 32. Ndc1 Bb5 33. Kg4 Ke8 34. g3 Bd7+ 35. Kf3 Bxh3 36. Nd3 Bf1 37. Nxb4 Bc4 38. Nd2 Bxa5 39. Nxc4 dxc4 40. Nxa6 Kd7 41. Ke4 Kc6 42. Nb8+ Kc7 43. Kd5 Kxb8 44. Kxd6 Bb4+ 45. Kd5 Ba3 0-1

[Event "Budapest Vezerkepzo GM 4th"]
[Site "Budapest"]
[Date "2021.05.16"]
[Round "4"]
[White "Plat, Vojtech"]
[Black "Brhel, Jan"]
[Result "1-0"]
[WhiteElo "2556"]
[BlackElo "2031"]
[PlyCount "87"]
[EventDate "2021.05.13"]
[EventType "tourn"]
[EventRounds "9"]
[EventCountry "HUN"]
[EventCategory "5"]
[SourceTitle "CBM 202 Extra"]
[Source "ChessBase"]
[SourceDate "2021.07.31"]
[SourceVersion "1"]
[SourceVersionDate "2021.07.31"]
[SourceQuality "1"]

1. d4 Nf6 2. Nf3 e6 3. e3 b6 4. Bd3 Bb7 5. Nbd2 Be7 6. c4 d5 7. b3 c5 8. Bb2 0-0 9. 0-0 Nc6 10. Rc1 Rc8 11. Qe2 Re8 12. Rfd1 Qc7 13. a3 Qb8 14. cxd5 exd5 15. dxc5 bxc5 16. Bf5 Rcd8 17. Qb5 d4 18. exd4 Nxd4 19. Nxd4 cxd4 20. Nf1 Rd5 21. Qd3 Qf4 22. Ng3 Bd6 23. Re1 Rde5 24. Rxe5 Rxe5 25. Rd1 g6 26. Bh3 h5 27. b4 Rd5 28. Bc1 Qe5 29. Bd2 Bb8 30. Re1 Qd6 31. Be6 Kg7 32. Bxd5 Qxd5 33. f3 Ng4 34. Re4 Be5 35. Nf1 Bc7 36. Rxd4 Bb6 37. Bc3 Kg8 38. Qd2 Ne5 39. Ne3 Bxd4 40. Bxd4 Qd7 41. Qc3 Nc6 42. Bc5 Qe6 43. b5 Ne5 44. Bd4 1-0

[Event "Budapest Vezerkepzo GM 4th"]
[Site "Budapest"]
[Date "2021.05.14"]
[Round "2"]
[White "Brhel, Jan"]
[Black "Varga, Zoltan"]
[Result "0-1"]
[WhiteElo "2031"]
[BlackElo "2441"]
[PlyCount "104"]
[EventDate "2021.05.13"]
[EventType "tourn"]
[EventRounds "9"]
[EventCountry "HUN"]
[EventCategory "5"]
[SourceTitle "CBM 202 Extra"]
[Source "ChessBase"]
[SourceDate "2021.07.31"]
[SourceVersion "1"]
[SourceVersionDate "2021.07.31"]
[SourceQuality "1"]

1. d4 d5 2. c4 c6 3. cxd5 cxd5 4. Nc3 Nf6 5. Bf4 Nc6 6. Nf3 Nh5 7. Bc1 g6 8. h3 Bg7 9. e3 0-0 10. Be2 f5 11. Ne5 Nxe5 12. dxe5 Bxe5 13. Qxd5+ Qxd5 14. Nxd5 Kf7 15. Bf3 Be6 16. Nc3 Rac8 17. Bd2 Rfd8 18. Rc1 Rd7 19. b3 Rdc7 20. Ne2 Nf6 21. Kd1 b6 22. Rxc7 Rxc7 23. Nf4 Bc8 24. Nd3 Bd6 25. Bb4 Bxb4 26. Nxb4 a5 27. Nc6 Ke6 28. Kd2 Kd6 29. Nd4 Rc5 30. Rc1 Rxc1 31. Kxc1 e5 32. Nc2 Kc5 33. Kd2 b5 34. Kc3 b4+ 35. Kb2 g5 36. Ne1 Ba6 37. a4 bxa3+ 38. Kxa3 Bf1 39. Ka4 Kb6 40. b4 Bb5+ 41. Ka3 h5 42. bxa5+ Kxa5 43. Bb7 Bd7 44. Bf3 h4 45. Kb3 Be6+ 46. Kc3 g4 47. Kd2 Kb6 48. Bd1 Ne4+ 49. Kd3 Nxf2+ 50. Ke2 Nxd1 51. Kxd1 Bd5 52. hxg4 fxg4 0-1

[Event "Budapest Vezerkepzo IM 3rd"]
[Site "Budapest"]
[Date "2021.04.30"]
[Round "9"]
[White "Terbe, Zsuzsanna"]
[Black "Brhel, Jan"]
[Result "1-0"]
[WhiteElo "2186"]
[BlackElo "2031"]
[PlyCount "49"]
[EventDate "2021.04.24"]
[EventType "tourn"]
[EventRounds "9"]
[EventCountry "HUN"]
[SourceTitle "CBM 202 Extra"]
[Source "ChessBase"]
[SourceDate "2021.07.31"]
[SourceVersion "1"]
[SourceVersionDate "2021.07.31"]
[SourceQuality "1"]

1. d4 e6 2. c4 Nf6 3. Nc3 Bb4 4. Bd2 0-0 5. e3 d5 6. Nf3 dxc4 7. Bxc4 c5 8. a3 cxd4 9. exd4 Be7 10. 0-0 b6 11. Be3 Bb7 12. Qe2 a6 13. Rfd1 Nd5 14. Rac1 Nxc3 15. Rxc3 b5 16. Bd3 Nd7 17. Ne5 Bd6 18. Bf4 Nf6 19. Bg5 Be7 20. Bxf6 Bxf6 21. Bxh7+ Kxh7 22. Qh5+ Kg8 23. Rh3 Bh4 24. Rxh4 Re8 25. Qh8# 1-0

[Event "Budapest Vezerkepzo IM 3rd"]
[Site "Budapest"]
[Date "2021.04.29"]
[Round "7"]
[White "Pasti, Aron"]
[Black "Brhel, Jan"]
[Result "1-0"]
[WhiteElo "2231"]
[BlackElo "2031"]
[PlyCount "69"]
[EventDate "2021.04.24"]
[EventType "tourn"]
[EventRounds "9"]
[EventCountry "HUN"]
[SourceTitle "CBM 202 Extra"]
[Source "ChessBase"]
[SourceDate "2021.07.31"]
[SourceVersion "1"]
[SourceVersionDate "2021.07.31"]
[SourceQuality "1"]

1. e4 e5 2. Nf3 Nc6 3. Bb5 a6 4. Ba4 Nf6 5. 0-0 b5 6. Bb3 Bc5 7. c3 d6 8. d4 Bb6 9. h3 0-0 10. Be3 Bb7 11. Nbd2 d5 12. dxe5 Nxe4 13. Bxb6 cxb6 14. Bc2 Qc7 15. Nxe4 dxe4 16. Bxe4 Rfe8 17. Re1 Rad8 18. Qc1 Na5 19. Bxb7 Nxb7 20. Qc2 Qc4 21. Re4 Qd3 22. Qxd3 Rxd3 23. Rd4 Rd8 24. Kf1 Nc5 25. Ke2 h6 26. g3 a5 27. Rxd3 Rxd3 28. b4 Rxc3 29. bxc5 bxc5 30. Nd2 c4 31. a3 Rc2 32. Kd1 Rb2 33. Rb1 Ra2 34. Rxb5 c3 35. Ne4 1-0

[Event "Budapest Vezerkepzo IM 3rd"]
[Site "Budapest"]
[Date "2021.04.26"]
[Round "3"]
[White "Kahn, Evarth"]
[Black "Brhel, Jan"]
[Result "0-1"]
[WhiteElo "2169"]
[BlackElo "2031"]
[PlyCount "72"]
[EventDate "2021.04.24"]
[EventType "tourn"]
[EventRounds "9"]
[EventCountry "HUN"]
[SourceTitle "CBM 202 Extra"]
[Source "ChessBase"]
[SourceDate "2021.07.31"]
[SourceVersion "1"]
[SourceVersionDate "2021.07.31"]
[SourceQuality "1"]

1. e4 e5 2. Nf3 Nc6 3. Bc4 Nf6 4. Ng5 d5 5. exd5 Na5 6. Bb5+ c6 7. dxc6 bxc6 8. Qf3 Be7 9. Bxc6+ Nxc6 10. Qxc6+ Bd7 11. Qf3 0-0 12. Nc3 Ng4 13. Nge4 Rc8 14. h3 Nh6 15. d3 Nf5 16. 0-0 Rc6 17. Nd5 Rg6 18. Ng3 Nh4 19. Nxe7+ Qxe7 20. Qb7 Qd6 21. Bd2 Bc6 22. Qb4 Qf6 23. d4 Bxg2 24. dxe5 Qf3 25. Qf4 Bxh3 26. Qxf3 Nxf3+ 27. Kh1 Bxf1 28. Rxf1 Nxd2 29. Rd1 Nc4 30. Nf5 Re6 31. f4 g6 32. Nd4 Rd8 33. c3 Nxb2 34. Rb1 Rb6 35. f5 Nd3 36. Rxb6 axb6 0-1

[Event "Budapest Vezerkepzo IM 3rd"]
[Site "Budapest"]
[Date "2021.04.25"]
[Round "2"]
[White "Brhel, Jan"]
[Black "Forgacs, Attila Jr"]
[Result "1/2-1/2"]
[WhiteElo "2031"]
[BlackElo "2172"]
[PlyCount "41"]
[EventDate "2021.04.24"]
[EventType "tourn"]
[EventRounds "9"]
[EventCountry "HUN"]
[SourceTitle "CBM 202 Extra"]
[Source "ChessBase"]
[SourceDate "2021.07.31"]
[SourceVersion "1"]
[SourceVersionDate "2021.07.31"]
[SourceQuality "1"]

1. d4 Nf6 2. c4 d6 3. Nc3 Nbd7 4. Nf3 g6 5. e4 e5 6. Be2 Bg7 7. 0-0 0-0 8. Re1 c6 9. dxe5 dxe5 10. Bf1 Qc7 11. Qc2 Re8 12. b3 Nf8 13. h3 Bd7 14. Be3 Nh5 15. c5 Ne6 16. Rad1 Rad8 17. Rd2 Bc8 18. Red1 Rxd2 19. Rxd2 Rd8 20. Qd1 Rxd2 21. Qxd2 1/2-1/2

[Event "Banicky Kahanec"]
[Site "Bojnice"]
[Date "2020.10.14"]
[Round "9"]
[White "Motuz, Karol"]
[Black "Brhel, Jan"]
[Result "1-0"]
[WhiteElo "2344"]
[BlackElo "2018"]
[PlyCount "63"]
[EventDate "2020.10.06"]
[EventType "tourn"]
[EventRounds "9"]
[EventCountry "SVK"]
[EventCategory "7"]
[SourceTitle "CBM 198 Extra"]
[Source "ChessBase"]
[SourceDate "2020.11.30"]
[SourceVersion "1"]
[SourceVersionDate "2020.11.30"]
[SourceQuality "1"]

1. g3 Nf6 2. Bg2 d5 3. Nf3 c6 4. 0-0 e6 5. d3 Be7 6. Nbd2 0-0 7. e4 Nbd7 8. e5 Ng4 9. Qe2 f5 10. exf6 Ndxf6 11. h3 Nh6 12. Ne5 Nd7 13. Ndf3 Nxe5 14. Nxe5 Nf7 15. Bf4 Nxe5 16. Bxe5 Bf6 17. Bxf6 Qxf6 18. c3 e5 19. f4 Qh6 20. Qxe5 Bxh3 21. Rae1 Bf5 22. d4 Qg6 23. Kf2 Rae8 24. Qc7 Bc8 25. Re5 Qc2+ 26. Kg1 Qxb2 27. Rfe1 Rxe5 28. Rxe5 Qxc3 29. Bxd5+ Kh8 30. Qf7 Qxg3+ 31. Bg2 h5 32. Rxh5# 1-0

[Event "Banicky Kahanec"]
[Site "Bojnice"]
[Date "2020.10.10"]
[Round "5"]
[White "Brhel, Jan"]
[Black "Gazik, Viktor"]
[Result "0-1"]
[WhiteElo "2018"]
[BlackElo "2541"]
[PlyCount "54"]
[EventDate "2020.10.06"]
[EventType "tourn"]
[EventRounds "9"]
[EventCountry "SVK"]
[EventCategory "7"]
[SourceTitle "CBM 198 Extra"]
[Source "ChessBase"]
[SourceDate "2020.11.30"]
[SourceVersion "1"]
[SourceVersionDate "2020.11.30"]
[SourceQuality "1"]

1. d4 g6 2. Nf3 Bg7 3. g3 Nf6 4. Bg2 0-0 5. c4 d6 6. 0-0 Nc6 7. Nc3 Bg4 8. h3 Bxf3 9. Bxf3 Nd7 10. Bg2 Nxd4 11. Bxb7 Rb8 12. Bg2 Rb4 13. b3 Nxb3 14. axb3 Bxc3 15. Rxa7 Qb8 16. Ra8 Qb6 17. Rxf8+ Kxf8 18. Be4 Rxb3 19. Bc6 Nc5 20. Bb5 c6 21. Bh6+ Kg8 22. Be3 Rb2 23. Ba4 Ra2 24. Bxc5 Qxc5 25. Qb3 Ra3 26. Qb8+ Kg7 27. Bb3 Qh5 0-1